En absence (Запись № 13550358)

Подробности
000 -МАРКЕР
контрольное поле 02541ncm0a2200457 4500
001 - ИДЕНТИФИКАТОР ЗАПИСИ
контрольное поле RU\NLR\ONIZ\263911
005 - ИДЕНТИФИКАТОР ВЕРСИИ
контрольное поле 20260215045203.0
035 ## - ДРУГИЕ СИСТЕМНЫЕ НОМЕРА
Идентификатор записи (NLR Aleph) 022722171
071 20 - ИЗДАТЕЛЬСКИЙ НОМЕР
Номер, присвоенный агентством 1669
100 ## - ДАННЫЕ ОБЩЕЙ ОБРАБОТКИ
Данные общей обработки 20260215 rusy50
101 0# - ЯЗЫК РЕСУРСА
Язык текста, звукозаписи и т.д. французский
102 ## - СТРАНА ПУБЛИКАЦИИ ИЛИ ПРОИЗВОДСТВА
Страна публикации российская федерация
125 ## - ПОЛЕ КОДИРОВАННЫХ ДАННЫХ: ЗВУКОЗАПИСИ И НОТНЫЕ ИЗДАНИЯ
Форма изложения нотного текста z|
128 ## - ПОЛЕ КОДИРОВАННЫХ ДАННЫХ: МУЗЫКАЛЬНАЯ ФОРМА, ТОНАЛЬНОСТЬ И ЛАД
Музыкальная форма rmz
145 0# - ПОЛЕ КОДИРОВАННЫХ ДАННЫХ: СРЕДСТВО ИСПОЛНЕНИЯ МУЗЫКАЛЬНОГО ПРОИЗВЕДЕНИЯ (УСТАРЕВШЕЕ)
Тип средства исполнения b
200 1# - ЗАГЛАВИЕ И СВЕДЕНИЯ ОБ ОТВЕТСТВЕННОСТИ
Основное заглавие En absence
Общее обозначение материала Ноты
Сведения, относящиеся к заглавию nocturne
-- pour le piano
-- op. 67 № 1
Первые сведения об ответственности B. Richards
210 ## - ПУБЛИКАЦИЯ, РАСПРОСТРАНЕНИЕ И ДР.
Место издания, распространения и т.д. St. Pétersbourg
Имя издателя, распространителя и т. д. chez A. Johansen
Место издания, распространения и т.д. Moscou
Имя издателя, распространителя и т. д. chez A. Gutheil
Дата издания, распространения и т.д. [1884-1891]
215 ## - ФИЗИЧЕСКАЯ ХАРАКТЕРИСТИКА
Специфическое обозначение материала и объем 5 с.
Другие сведения о физической характеристике ил.
Размеры 33 см
225 1# - СЕРИЯ
Основное заглавие серии Deuxième recueil de compositions célèbres pour le piano
Обозначение тома № 142
300 ## - ОБЩИЕ ПРИМЕЧАНИЯ
Текст примечания Загл. перед нот. текстом: Absence. Romance
313 ## - ПРИМЕЧАНИЯ, ОТНОСЯЩИЕСЯ К ТЕМАТИЧЕСКОМУ ДОСТУПУ
Текст примечания Систематизация документа проведена по изданию - Методика классифицирования музыкальных произведений (нотных изданий) по таблицам Библиотечно-библиографических классификаций : метод. рекомендации / Гос. б-ка СССР им. В.И. Ленина.- М., 1977. Индексу ББК методических рекомендаций присваивается код ББК для научных библиотек - LBC/SL
500 00 - УНИФИЦИРОВАННОЕ ЗАГЛАВИЕ
Унифицированное заглавие В разлуке
Общее обозначение материала Ноты
Цифровое обозначение (для музыкальных произведений) Op. 67 № 1
Сведения, относящиеся к заглавию/сведения о виде, жанре, характере документа Романсе
Ключ (для музыкальных произведений) Es-dur
Средства исполнения (для музыкальных произведений) Фортепиано
514 1# - ЗАГЛАВИЕ НА ПЕРВОЙ СТРАНИЦЕ ТЕКСТА
Заглавие на первой странице текста Absence. Romance
606 1# - НАИМЕНОВАНИЕ ТЕМЫ КАК ПРЕДМЕТ
Наименование темы Фортепианная музыка английская
Хронологический подзаголовок 19 в.
Формальный подзаголовок Ноты
Код системы nlr_sh
606 1# - НАИМЕНОВАНИЕ ТЕМЫ КАК ПРЕДМЕТ
Наименование темы Фортепианная музыка валлийская
Хронологический подзаголовок 19 в.
Формальный подзаголовок Ноты
Код системы nlr_sh
606 1# - НАИМЕНОВАНИЕ ТЕМЫ КАК ПРЕДМЕТ
Наименование темы Музыкальные произведения для фортепиано
Географический подзаголовок Великобритания
Хронологический подзаголовок 19 в.
Формальный подзаголовок Ноты
Код системы nlr_sh
606 1# - НАИМЕНОВАНИЕ ТЕМЫ КАК ПРЕДМЕТ
Наименование темы Романсы инструментальные
Географический подзаголовок Великобритания
Хронологический подзаголовок 19-20 вв.
Формальный подзаголовок Ноты
Код системы nlr_sh
606 1# - НАИМЕНОВАНИЕ ТЕМЫ КАК ПРЕДМЕТ
Наименование темы Романсы для фортепиано
Географический подзаголовок Великобритания
Хронологический подзаголовок 19-20 вв.
Формальный подзаголовок Ноты
Код системы nlr_sh
620 ## - МЕСТО И ДАТА ПУБЛИКАЦИИ, ИСПОЛНЕНИЯ И Т. Д.
Город Москва
Код системы nlr_sh1
686 0# - ИНДЕКСЫ ДРУГИХ КЛАССИФИКАЦИЙ
Индекс Щ954.2-058.3(4Вл)
700 #1 - ИМЯ ЛИЦА - ПЕРВИЧНАЯ ОТВЕТСТВЕННОСТЬ
Системный номер авторитетной/нормативной записи z02790
Начальный элемент ввода Ричардс
Часть имени, кроме начального элемента ввода Г. Б.
Даты 1817-1885
Расширение инициалов личного имени Генри Бринли
Код отношения Композитор
Графика поля Кириллица
790 #1 - ИМЯ ЛИЦА - АЛЬТЕРНАТИВНАЯ ФОРМА
Системный номер авторитетной/нормативной записи z02700
Начальный элемент ввода Richards
Часть имени, кроме начального элемента ввода H. B.
Даты 1817-1885
Расширение инициалов личного имени Henry Brinley
Код отношения Композитор
Графика поля Латинская
801 #0 - ИСТОЧНИК ЗАПИСИ
Страна российская федерация
Организация NLR
Дата составления 20210511
Правила каталогизации PSBO
801 #1 - ИСТОЧНИК ЗАПИСИ
Страна российская федерация
Организация NLR
Дата составления 20210511
Источник данных rusmarc
801 #2 - ИСТОЧНИК ЗАПИСИ
Страна российская федерация
Организация NLR
Дата составления 20220607
852 ## - МЕСТОНАХОЖДЕНИЕ И ШИФР ХРАНЕНИЯ
Идентификатор организации NLR
Префикс шифра хранения М
Шифр хранения (Call Number) К-4/5275
Идентификатор единицы 269766
Номер экземпляра 1
942 ## - ДОПОЛНИТЕЛЬНЫЕ ЭЛЕМЕНТЫ ЗАПИСИ (АБИС)
Тип экземпляра АБИС Ноты
980 ## - КОЛЛЕКЦИЯ
Название коллекции Отдел нот и звукозаписей
980 ## - КОЛЛЕКЦИЯ
Название коллекции Национальная библиография

Нет доступных экземпляров.